BHS ako vždy, a predsa vždy inak

Bibliographic Details
Main Author: Jartim, Juraj, 1970- (Author)
Format: Article
Language:Slovak
ISSN:1335-6976
Subjects:

MARC

LEADER 00000nab a2200000 a 4500
001 vtls000738726
003 SK-MaSNL
005 20260302193337.0
008 140507c2000 xo 0 slo
015 |a SNBRB2000/11-29026 
035 |a CLN000090590 
040 |a SNKBUCL  |b slo  |c SNKBUCL  |e AACR2 
041 0 |a slo 
044 |a xo  |c SK 
080 |a 78.091.4  |2 1997 
080 |a 782/785  |2 1997 
080 |a 786/789  |2 1997 
100 1 |a Jartim, Juraj,  |d 1970-  |4 aut  |9 168240 
245 1 0 |a BHS ako vždy, a predsa vždy inak  |c Juraj Jartim 
611 2 7 |a Bratislavské hudobné slávnosti  |n (36. :  |d 2000 :  |c Bratislava, Slovensko)  |2 snkbucl  |9 95422 
655 7 |a články z novín a časopisov  |2 snkbucl  |9 267496 
773 0 |t Kultúrny život  |g Roč. 1, č. 3 (2000), s. 8-9  |x 1335-6976 
850 |a Slovenská národná knižnica v Martine 
852 |a SNK  |b KIS3GCP 
992 |a RBX 
999 |c 1444141  |d 1446071